Sports Quiz

Random Sports or MLB Quiz

MLB Top 5 HR Seasons per Team Quiz Stats

 Plays Quiz Updated Oct 8, 2018

Challenge
Share
Tweet
Embed
Score 0/168 Timer 17:00
3 Plays Today
% Correct
Babe Ruth
93.1%
Sammy Sosa
92.5%
Chipper Jones
91.5%
Andruw Jones
91.4%
Barry Bonds
91.3%
David Ortiz
90.4%
Alex Rodriguez
90.3%
Alex Rodriguez
90.3%
Alex Rodriguez
90.2%
Henry Rodriguez
89.7%
Luis Gonzalez
89.3%
Mark McGwire
89.3%
Adrian Gonzalez
89%
Juan Gonzalez
88.9%
Albert Pujols
88.3%
Manny Ramirez
87%
Manny Ramirez
87%
Ken Griffey Jr.
86.9%
Hank Aaron
86.8%
Hanley Ramirez
86.7%
Prince Fielder
86.6%
Cecil Fielder
86.5%
Mickey Mantle
86.5%
Roger Maris
85.8%
Jeff Bagwell
84.9%
Mark McGwire
84.8%
Ryan Howard
84.7%
Frank Howard
84.4%
Frank Thomas
84%
Frank Thomas
83.9%
Gorman Thomas
83.7%
Jim Thome
83.2%
Jim Thome
83.2%
Albert Pujols
83.1%
Jim Thome
83.1%
Chris Davis
83%
Todd Helton
81.6%
Willie Mays
81.4%
Cy Williams
80.7%
Miguel Cabrera
79.7%
Frank Robinson
78.8%
Aaron Judge
78.8%
Brady Anderson
78.1%
Larry Walker
77.7%
Mike Schmidt
77%
Harmon Killebrew
76.6%
Reggie Jackson
76.5%
Reggie Jackson
76.5%
Shawn Green
76.2%
Jose Bautista
76%
Jose Canseco
75.7%
Jose Canseco
75.7%
Jose Canseco
75.7%
Adam Dunn
75.6%
Adam Dunn
75.5%
Ernie Banks
74.8%
% Correct
Mike Trout
74.7%
Albert Belle
74.3%
Albert Belle
74.3%
George Bell
73.8%
Jay Bell
73.8%
Shawn Green
73.5%
Jimmie Foxx
73.5%
Miguel Cabrera
73.4%
Jimmie Foxx
73.4%
Lance Berkman
72.5%
Khris Davis
71.7%
Johnny Bench
71.3%
Carl Yastrzemski
70%
Carlos Beltran
69.5%
Willie Stargell
69.4%
Carlos Delgado
69.3%
Paul Konerko
69.3%
Carlos Delgado
69.3%
Vladimir Guerrero
69.2%
Vladimir Guerrero
69.2%
Andre Dawson
69.1%
Adam Dunn
69%
Mo Vaughn
68.5%
Greg Vaughn
68.4%
Giancarlo Stanton
68.4%
Mike Piazza
68.4%
Greg Vaughn
68.3%
Evan Longoria
68.3%
Jim Rice
66.1%
Darryl Strawberry
66.1%
Adrian Beltre
65.5%
Carlos Pena
65.3%
Hank Greenberg
64.7%
Mark Trumbo
64.1%
Paul Goldschmidt
64%
Gary Sheffield
64%
Gary Sheffield
64%
Carlos Delgado
63.9%
Bryce Harper
63.8%
Hack Wilson
63.7%
Ryan Braun
63.5%
Rafael Palmeiro
63.2%
Jay Buhner
63%
Andres Galarraga
62.3%
Andres Galarraga
62.3%
Howard Johnson
61.7%
Chris Carter
60.8%
Troy Glaus
60.6%
Troy Glaus
60.6%
Eddie Mathews
60.6%
Chris Carter
59.3%
George Foster
59%
Dale Murphy
58.9%
Alfonso Soriano
57.6%
Josh Hamilton
57.4%
Jim Edmonds
56.4%
% Correct
Edwin Encarnacion
56.1%
Robinson Cano
55.8%
Duke Snider
55.4%
Ralph Kiner
55.4%
Mark Reynolds
55.3%
Jermaine Dye
54.8%
Ken Caminiti
53.8%
Richie Sexson
53.6%
Richie Sexson
53.6%
Nelson Cruz
52.8%
Vinny Castilla
52.6%
Jason Bay
52.1%
Ryan Zimmerman
52%
Logan Morrison
51.5%
Kevin Mitchell
50.4%
Travis Hafner
49.8%
Dave Kingman
49.7%
Brian Dozier
47.6%
Rogers Hornsby
46%
Mike Moustakas
44.6%
Nolan Arenado
42.1%
Orlando Cepeda
40.1%
Johnny Mize
39.3%
Johnny Mize
39.3%
Dan Uggla
38.9%
Richard Hidalgo
38.6%
Marcell Ozuna
38%
Steve Balboni
37.3%
Rocky Colavito
37.1%
Norm Cash
37%
Moises Alou
35.7%
Gil Hodges
35.4%
Brian Giles
34.8%
Mark Teixeira
34.3%
Ted Kluszewski
33.9%
Todd Hundley
32.7%
Rocky Colavito
32.5%
Gary Gaetti
31.9%
Pedro Alvarez
31.3%
Chuck Klein
29.7%
Phil Nevin
29.3%
Al Rosen
26.5%
Jim Wynn
26.5%
Nate Colbert
26.3%
Ben Oglivie
25.8%
Josh Willingham
24.2%
Aubrey Huff
23.5%
Jim Gentile
22.6%
John Mayberry
21.9%
Danny Tartabull
21.7%
Dean Palmer
21.6%
Bob Allison
17.4%
Hal Trosky
15.8%
Roy Sievers
13.3%
Dick Stuart
12.8%
Jim Lemon
8.5%

You're not logged in!

Compare scores with friends on all Sporcle quizzes.
Join for Free
OR
Log In

You Might Also Like...

Show Comments

Extras

Top Quizzes Today


Score Distribution

Your Account Isn't Verified!

In order to create a playlist on Sporcle, you need to verify the email address you used during registration. Go to your Sporcle Settings to finish the process.

Report this User

Report this user for behavior that violates our Community Guidelines.

Details: